| 000 | 00751nam a22002177a 4500 | ||
|---|---|---|---|
| 999 |
_c14339 _d14339 |
||
| 003 | AR-CdUCM | ||
| 008 | 190422b ||||| |||| 00| 0 spa d | ||
| 040 |
_aMUNICIPALIDAD PROVINCIAL DEL CUSCO _cBIBLIOTECA MUNICIPAL DEL CUSCO |
||
| 082 |
_a869.56 / _bP63 |
||
| 100 |
_aCortez Espinoza, Juan _933078 |
||
| 245 | _aLa palabra y el muro / | ||
| 260 |
_aTrujillo : _bVarese impresores, |
||
| 300 |
_a30 páginas ; _c22 cm. |
||
| 500 | _aDonación a la familia Nieto. | ||
| 505 | _aContenido : En la mitad del mundo -- Alguna referencia de Pedro Miguel se hizo alacrán -- Otra vez los niños del mundo ... | ||
| 650 |
_aPoemas _9929 |
||
| 650 |
_aVersos _92209 |
||
| 650 |
_aTrujillanas _933079 |
||
| 942 |
_2ddc _cLIBROS |
||
| 945 |
_arah _d22/04/2019 |
||